نحو رؤية جديدة لشراكة أروبية متوسطية / (رقم التسجيلة. 176376)

تفاصيل مارك
000 -LEADER
fixed length control field 01468namaa22003371i 4500
003 - CONTROL NUMBER IDENTIFIER
control field EG-GICUC
005 - DATE AND TIME OF LATEST TRANSACTION
control field 20251201121822.0
008 - FIXED-LENGTH DATA ELEMENTS--GENERAL INFORMATION
fixed length control field 251201s1995 SP ||||jr|||| 000 0 ara d
017 ## - COPYRIGHT OR LEGAL DEPOSIT NUMBER
Copyright or legal deposit number 32-132-1997
Assigning agency المكتبة الوطنية (أسبانيا)
020 ## - INTERNATIONAL STANDARD BOOK NUMBER
International Standard Book Number 8439342969
040 ## - CATALOGING SOURCE
Original cataloging agency EG-GiCUC
Language of cataloging ara
Transcribing agency EG-GiCUC
Modifying agency EG-GiCUC
Description conventions rda
043 ## - GEOGRAPHIC AREA CODE
Geographic area code e----sp
082 04 - DEWEY DECIMAL CLASSIFICATION NUMBER
Edition number 21
Classification number 337.142
Item number N138
092 04 - LOCALLY ASSIGNED DEWEY CALL NUMBER (OCLC)
Edition number 21
Classification number 337.142
Item number N138
099 ## - LOCAL FREE-TEXT CALL NUMBER (OCLC)
Classification number 337.142 N138 1995
100 1# - MAIN ENTRY--PERSONAL NAME
Relator term مؤلف.
111 ## - MAIN ENTRY--MEETING NAME
Meeting name or jurisdiction name as entry element ندوة المجتمع المدنى الاروبية المتوسطية
Location of meeting برشلونة
Date of meeting or treaty signing 29-30 نوفمبر
245 10 - TITLE STATEMENT
Title نحو رؤية جديدة لشراكة أروبية متوسطية /
Statement of responsibility, etc. تعريب وتصفيف المعهد التونسى للدراسات الاستراتيجية
264 ## - PRODUCTION, PUBLICATION, DISTRIBUTION, MANUFACTURE, AND COPYRIGHT NOTICE
Place of production, publication, distribution, manufacture تونس :
Name of producer, publisher, distributor, manufacturer المعهد التونسى للدراسات الاستراتيجية،
Date of production, publication, distribution, manufacture, or copyright notice 1995.
300 ## - PHYSICAL DESCRIPTION
Extent 350 : صفحة
Other physical details إيضاحيات، صور، مثيليات ؛
Dimensions 24 سم
336 ## - CONTENT TYPE
Source rdacontent
Content type term text
337 ## - MEDIA TYPE
Source rdamedia
Media type term Unmediated
338 ## - CARRIER TYPE
Source rdacarrier
Carrier type term volume
490 ## - SERIES STATEMENT
Materials specified سلسلة الدراسات والندوات ؛
541 ## - IMMEDIATE SOURCE OF ACQUISITION NOTE
Source of acquisition د. جابر عصفور ؛
Address القاهرة ؛
Method of acquisition إهداء ؛
Date of acquisition 2024.
650 1# - SUBJECT ADDED ENTRY--TOPICAL TERM
Topical term or geographic name entry element المجتمع الاوروبى
General subdivision ندوات
Source of heading or term qrmak
651 1# - SUBJECT ADDED ENTRY--GEOGRAPHIC NAME
Source of heading or term qrmak
700 1# - ADDED ENTRY--PERSONAL NAME
Personal name المعهد التونسى للدراسات الاستراتيجية
Relator term مترجم.
905 ## - Cataloger and Reviser Names
Cataloger Name Nermeen_El Mawardy
942 ## - ADDED ENTRY ELEMENTS (KOHA)
Source of classification or shelving scheme Dewey Decimal Classification
Koha item type Books
Edition 21
Suppress in OPAC No
المقتنيات
Withdrawn status Lost status Source of classification or shelving scheme Damaged status Not for loan Home library Current library Date acquired Inventory number Total checkouts Full call number Barcode Date last seen Price effective from Koha item type
    Dewey Decimal Classification   Not for loan المكتبة المركزبة الجديدة - جامعة القاهرة قاعة المكتبات المهداة - الدور الرابع 01.12.2025 174160   337.142 N138 1995 J.U. 01000100174160000 01.12.2025 01.12.2025 Books
Cairo University Libraries Portal Implemented & Customized by: Eng. M. Mohamady Contacts: new-lib@cl.cu.edu.eg | cnul@cl.cu.edu.eg
CUCL logo CNUL logo
© All rights reserved — Cairo University Libraries
CUCL logo
Implemented & Customized by: Eng. M. Mohamady Contact: new-lib@cl.cu.edu.eg © All rights reserved — New Central Library
CNUL logo
Implemented & Customized by: Eng. M. Mohamady Contact: cnul@cl.cu.edu.eg © All rights reserved — Cairo National University Library